| 000 | 00687nam a2200241 i 4500 | ||
|---|---|---|---|
| 001 | 9752 | ||
| 003 | ES-MaACL | ||
| 005 | 20250603170518.0 | ||
| 007 | t| | ||
| 008 | 940104s1993 sp ||||1| spa d | ||
| 020 | _a84-7880-316-5 | ||
| 080 | _a308(46)"19" | ||
| 100 | 1 |
_aSubirats, Eduardo. _9108696 |
|
| 245 | 1 | 0 |
_aDespués de la lluvia _b: sobre la ambigua modernidad española / _cEduardo Subirats. |
| 250 | _a[1ª ed.]. | ||
| 260 |
_aMadrid : _bTemas de Hoy, _c1993. |
||
| 300 |
_a223 p. ; _c21 cm. |
||
| 490 | 1 | _aEnsayo | |
| 651 | 4 |
_aEspaña- _xSituación social- _yS.XX _98514 |
|
| 830 | 0 |
_aEnsayo _9177699 |
|
| 852 |
_aES-MaACL _jL-17222 _bR.122184 |
||
| 999 |
_c9752 _d9752 |
||